Ippanteki kiki to sangyō gōrika /
Saved in:
| Main Author: | |
|---|---|
| Other Authors: | |
| Format: | Book |
| Language: | Japanese |
| Published: |
Tōkyō :
Naukasha,
1950.
|
| Subjects: | |
| Tags: |
Add Tag
No Tags, Be the first to tag this record!
|
| LEADER | 00906nam a2200289 i 4500 | ||
|---|---|---|---|
| 001 | 007779002-2 | ||
| 005 | 20024617122053.0 | ||
| 008 | 980430s1950 ja 000 0 jpn | ||
| 010 | |a 79805565 /J | ||
| 035 | 0 | |a ocm39040063 | |
| 040 | |a DLC |c *YNH* |d CStRLIN | ||
| 050 | 0 | 0 | |a HC58 |b .A8 |
| 100 | 1 | |6 880-01 |a Asano, Tsutomu. | |
| 245 | 1 | 0 | |6 880-02 |a Ippanteki kiki to sangyō gōrika / |c Asano Tsutomu, Noma Torao kyōcho. |
| 260 | |6 880-03 |a Tōkyō : |b Naukasha, |c 1950. | ||
| 300 | |a 4, 2, 262 p. ; |c 18 cm. | ||
| 650 | 0 | |a Economic policy. | |
| 650 | 0 | |a Capitalism. | |
| 650 | 0 | |a Socialism. | |
| 650 | 0 | |a Industrial management. | |
| 700 | 1 | |6 880-04 |a Noma, Torao. | |
| 880 | 1 | |6 100-01 |a 朝野勉. | |
| 880 | 1 | 0 | |6 245-02 |a 一般的危機と產業合理化 / |c 朝野勉, 野間虎男共著. |
| 880 | |6 260-03 |a 東京 : |b ナウカ社, |c 1950. | ||
| 880 | 1 | |6 700-04 |a 野間虎男. | |
| 988 | |a 20021221 | ||
| 906 | |0 DLC | ||


